Pays de l'UEFA Euro 2024 : phase finale - Statistiques

Statistiques générales
  • Ce quiz a été pris 158 fois
    91 depuis la dernière actualisation
  • Le résultat moyen est 14 sur 16
Statistiques - réponses
Pays % Correct
🇪🇸Espagne
99%
🇫🇷France
99%
🏴󠁧󠁢󠁥󠁮󠁧󠁿Angleterre
96%
🇳🇱Pays-Bas
92%
🇵🇹Portugal
91%
🇩🇪Allemagne
89%
🇧🇪Belgique
89%
🇮🇹Italie
89%
🇨🇭Suisse
89%
🇦🇹Autriche
87%
🇹🇷Turquie
85%
🇸🇰Slovaquie
81%
🇬🇪Géorgie
80%
🇸🇮Slovénie
80%
🇩🇰Danemark
75%
🇷🇴Roumanie
69%
Aucun quiz correspondant
Distribution des résultats
% des personnes avec chaque résultat
Percentile par nombre de réponses
Votre historique - résultats
Vous n’avez pas pris ce quiz depuis la dernière actualisation